00413pab a2200145 454500008004000000100001600040245007600056260000900132300001300141362001200154650002700166650003100193650001400224773002900238180718b2002 xxu||||| |||| 00| 0 eng d aMeena, T.R. aPanchayati raj and gender issues - women empowerment: Kerala experience c2002 ap.67-83. aJul-Sep aWomen - India - Kerala aPanchayat - India - Kerala aPanchayat aManagement in Government